[Event "Stuttgarter Stadtmeisterschaft C"]
[Site "Ditzingen"]
[Date "2015.05.14"]
[Round "1.1"]
[White "Stecher, Oliver"]
[Black "Schranz, Patrick"]
[Result "0-1"]
[WhiteElo "1153"]
[BlackElo "1493"]
[PlyCount "80"]
[EventDate "2015.??.??"]
[WhiteTeam "SSV Zuffenhausen"]
[BlackTeam "SC Feuerbach"]

1. e4 e5 2. Nf3 Nc6 3. Bc4 Bc5 4. Nc3 Nf6 5. O-O O-O 6. d3 Na5 7. Nxe5 d6 8.
Nf3 Nxc4 9. dxc4 Re8 10. Bf4 Nxe4 11. Qd3 Bf5 12. Qd5 Bg6 13. Rae1 Nxc3 14.
Rxe8+ Qxe8 15. bxc3 Be4 16. Qd2 Bxf3 17. gxf3 Qa4 18. Qe2 Qxa2 19. Re1 h6 20.
Qe4 c6 21. Rd1 Qa5 22. Rd3 Qa1+ 23. Kg2 a5 24. Qe2 a4 25. Bxd6 Bxd6 26. Rxd6
Qxc3 27. Qe7 Qb2 28. Rd7 Qf6 29. Qxf6 gxf6 30. Rxb7 a3 31. Rb1 a2 32. Ra1 Kf8
33. Kf1 Ke7 34. Ke2 Kd6 35. Kd3 Kc5 36. f4 Kb4 37. f3 Ra3+ 38. Kd2 Kxc4 39. Kc1
Rxf3 40. Rxa2 Rh3 0-1

[Event "Stuttgarter Stadtmeisterschaft C"]
[Site "Ditzingen"]
[Date "2015.05.14"]
[Round "1.2"]
[White "Reichardt, Felix  Alexander"]
[Black "Liu, Sijia Anna"]
[Result "1-0"]
[WhiteElo "1482"]
[BlackElo "1145"]
[PlyCount "109"]
[EventDate "2015.??.??"]
[WhiteTeam "SF MarkgrÃ¤flerland"]
[BlackTeam "SV Stuttgart-Wolfbusch"]

1. Nf3 Nf6 2. d4 d5 3. Bf4 c6 4. e3 Bg4 5. Be2 Nbd7 6. Ne5 Bxe2 7. Qxe2 e6 8.
Nd2 Bd6 9. Nxd7 Qxd7 10. Bxd6 Qxd6 11. Nf3 O-O 12. O-O Ne4 13. g3 f5 14. Ne5
Nf6 15. c4 Nd7 16. f4 Rf6 17. c5 Qe7 18. b4 Rh6 19. Qd3 Qe8 20. Qa3 Qh5 21. Rf2
Nxe5 22. dxe5 Qh3 23. Qa5 Qh5 24. Qc7 Qf7 25. Qxf7+ Kxf7 26. a4 a5 27. b5 Rb8
28. Rb2 Rd8 29. bxc6 bxc6 30. Rb7+ Kg6 31. Rc7 d4 32. exd4 Rxd4 33. Rxc6 Kf7
34. Rd6 Rc4 35. c6 Ke8 36. h4 Rc2 37. Rb1 Rc4 38. Ra1 Rc3 39. Kf1 Rc4 40. Ra3
Rc2 41. Ke1 Rc4 42. Kd2 Rc5 43. Rc3 Rd5+ 44. Rxd5 exd5 45. c7 Ke7 46. c8=Q Kf7
47. Rc6 Rxc6 48. Qxc6 h6 49. h5 Kg8 50. Qd7 Kh8 51. e6 Kg8 52. e7 Kh8 53. e8=R+
Kh7 54. Qe6 g6 55. Qxg6# 1-0

[Event "Stuttgarter Stadtmeisterschaft C"]
[Site "Ditzingen"]
[Date "2015.05.14"]
[Round "1.3"]
[White "Reichmann, Bernd"]
[Black "Reuß, Tobias"]
[Result "1/2-1/2"]
[WhiteElo "1140"]
[BlackElo "1468"]
[PlyCount "54"]
[EventDate "2015.??.??"]
[WhiteTeam "SV Fellbach"]
[BlackTeam "SV Besigheim"]

1. e4 e5 2. Nf3 Nf6 3. Nc3 Bb4 4. d3 Nc6 5. Bd2 h6 6. h3 d6 7. a3 Bc5 8. Na4
Bb6 9. Nxb6 axb6 10. Be2 Nd4 11. Nxd4 exd4 12. c3 dxc3 13. Bxc3 c5 14. Qb3 O-O
15. Bxf6 Qxf6 16. Qxb6 Qe7 17. Qb3 Be6 18. Qd1 Qf6 19. Qd2 Ra7 20. O-O Rfa8 21.
Rfd1 b5 22. d4 Bb3 23. Rdc1 b4 24. dxc5 dxc5 25. Rxc5 bxa3 26. Rxa3 Rxa3 27.
bxa3 Rxa3 1/2-1/2

[Event "Stuttgarter Stadtmeisterschaft C"]
[Site "Ditzingen"]
[Date "2015.05.14"]
[Round "1.4"]
[White "Überreiter, Daniel"]
[Black "Jünk, Ellen"]
[Result "1-0"]
[WhiteElo "1459"]
[BlackElo "1121"]
[PlyCount "57"]
[EventDate "2015.??.??"]
[WhiteTeam "SC WeiÃŸe Dame Ulm"]
[BlackTeam "SC Leinzell"]

1. e4 e5 2. Nf3 Nc6 3. Bc4 Nf6 4. d3 Bc5 5. O-O d5 6. exd5 Nxd5 7. Re1 f6 8.
Bd2 Bg4 9. c3 Nde7 10. Be3 Qd6 11. b4 Bxe3 12. Rxe3 O-O-O 13. Nbd2 Bxf3 14.
Qxf3 f5 15. Nb3 Rhf8 16. b5 Nb8 17. Rae1 Ng6 18. d4 exd4 19. cxd4 Qa3 20. Nc5
c6 21. Rxa3 Rxd4 22. Be6+ Kc7 23. Rxa7 Nh4 24. Qe3 Kb6 25. Rxb7+ Ka5 26. Qc3+
Rb4 27. a3 Na6 28. axb4+ Nxb4 29. Qa3# 1-0

[Event "Stuttgarter Stadtmeisterschaft C"]
[Site "Ditzingen"]
[Date "2015.05.14"]
[Round "1.5"]
[White "Richter, Gerrit"]
[Black "Hauger, Albrecht"]
[Result "1/2-1/2"]
[WhiteElo "1104"]
[BlackElo "1452"]
[PlyCount "39"]
[EventDate "2015.??.??"]
[WhiteTeam "TSV/RSK Esslingen"]
[BlackTeam "SC Magstadt"]

1. e4 c5 2. Nf3 d6 3. d4 cxd4 4. Nxd4 Nc6 5. Bb5 Bd7 6. O-O e6 7. Bf4 e5 8.
Nxc6 bxc6 9. Bc4 exf4 10. Qf3 Qf6 11. Qh5 g6 12. Qf3 Qxb2 13. Qxf4 f5 14. Nd2
Qe5 15. Qxe5+ dxe5 16. Rfe1 Bg7 17. Nf3 O-O-O 18. Ba6+ Kc7 19. Red1 Bc8 20. Ng5
1/2-1/2

[Event "Stuttgarter Stadtmeisterschaft C"]
[Site "Ditzingen"]
[Date "2015.05.14"]
[Round "1.6"]
[White "Afonso, Nils"]
[Black "Aydin, Sami"]
[Result "1-0"]
[WhiteElo "1437"]
[BlackElo "1064"]
[PlyCount "53"]
[EventDate "2015.??.??"]
[WhiteTeam "SF Kornwestheim"]
[BlackTeam "SF Freiberg"]

1. d4 d5 2. c4 e6 3. Nc3 Nf6 4. Bg5 Nc6 5. cxd5 exd5 6. Nf3 Bb4 7. Qc2 h6 8.
Bh4 O-O 9. e3 Be6 10. Bd3 Re8 11. h3 a6 12. O-O Qd7 13. a3 Bd6 14. Bg3 Bxh3 15.
gxh3 Qxh3 16. Bf5 Ng4 17. Bxg4 Qxg4 18. Kg2 f6 19. Nxd5 Bxg3 20. fxg3 Rad8 21.
Qb3 Nxd4 22. Nxf6+ Kf8 23. Qg8+ Ke7 24. Qxe8+ Rxe8 25. Nxg4 Nxf3 26. Rxf3 h5
27. Ne5 1-0

[Event "Stuttgarter Stadtmeisterschaft C"]
[Site "Ditzingen"]
[Date "2015.05.14"]
[Round "1.7"]
[White "Friedl, Bastian"]
[Black "Winterkorn, Nikolaus"]
[Result "0-1"]
[WhiteElo "1055"]
[BlackElo "1414"]
[PlyCount "110"]
[EventDate "2015.??.??"]
[WhiteTeam "SF Freiberg"]
[BlackTeam "DJK Sportbund Stgt."]

1. e4 e5 2. Nf3 d6 3. Bc4 h6 4. Nc3 Nf6 5. d3 Bg4 6. h3 Bxf3 7. Qxf3 Nc6 8. Be3
a6 9. Nd5 Be7 10. Qf5 O-O 11. Nxf6+ Bxf6 12. g4 Ne7 13. Qf3 Ng6 14. O-O-O b5
15. Bd5 Rc8 16. Rhg1 c6 17. Bb3 Bg5 18. Qf5 Bxe3+ 19. fxe3 Ne7 20. Qh5 c5 21.
g5 c4 22. dxc4 bxc4 23. Ba4 Qa5 24. b3 cxb3 25. Bxb3 Qa3+ 26. Kd2 Qb4+ 27. Ke2
Qxe4 28. gxh6 Nf5 29. Rg4 Qxe3+ 30. Kf1 Ng3+ 31. Kg2 Nxh5 32. Rxd6 Nf4+ 33. Kf1
Ne6 34. hxg7 Qxh3+ 35. Rg2 Nxg7 36. Rdg6 Qh7 37. R6g3 Kh8 38. Kg1 Nf5 39. Rg5
Rg8 40. c4 Rxg5 41. Rxg5 Rg8 42. Rxg8+ Qxg8+ 43. Kf2 f6 44. c5 Qg3+ 45. Ke2
Qe3+ 46. Kd1 Qxc5 47. Be6 Nd4 48. Bg4 Qc2+ 49. Ke1 f5 50. Bh5 f4 51. Kf1 e4 52.
a4 f3 53. Bxf3 e3 54. Kg1 Nxf3+ 55. Kf1 Qf2# 0-1

[Event "Stuttgarter Stadtmeisterschaft C"]
[Site "Ditzingen"]
[Date "2015.05.14"]
[Round "1.8"]
[White "Thomas, Leonhard"]
[Black "Robert Sloboda"]
[Result "1/2-1/2"]
[WhiteElo "1404"]
[BlackElo "1032"]
[PlyCount "42"]
[EventDate "2015.??.??"]
[WhiteTeam "SV Fellbach"]
[BlackTeam "SF Illingen"]

1. e4 c5 2. Nc3 d6 3. Nf3 Nf6 4. Bc4 e6 5. O-O Nc6 6. h3 g6 7. Bb5 Bd7 8. d3
Bg7 9. Bg5 O-O 10. Bxc6 Bxc6 11. Re1 h6 12. Bd2 a6 13. Qc1 g5 14. Nh2 d5 15. e5
Nd7 16. f4 d4 17. Nd1 f6 18. exf6 Qxf6 19. fxg5 Qg6 20. Nf2 hxg5 21. Nhg4 Rf5
1/2-1/2

[Event "Stuttgarter Stadtmeisterschaft C"]
[Site "Ditzingen"]
[Date "2015.05.14"]
[Round "1.9"]
[White "Günther, Niclas"]
[Black "Kobald, Jacqueline"]
[Result "1-0"]
[WhiteElo "996"]
[BlackElo "1372"]
[PlyCount "41"]
[EventDate "2015.??.??"]
[WhiteTeam "SF Freiberg"]
[BlackTeam "SV Stuttgart-Wolfbusch"]

1. e4 c5 2. Nc3 g6 3. Nf3 Bg7 4. Bc4 Nc6 5. O-O Nf6 6. d4 cxd4 7. Nxd4 O-O 8.
Nxc6 bxc6 9. e5 Ne8 10. Bf4 Nc7 11. Ne4 Bb7 12. Nc5 Bc8 13. Re1 Ne6 14. Nxe6
fxe6 15. Qd2 Rf7 16. Bxe6 Qf8 17. Bxf7+ Qxf7 18. c3 Qf5 19. Qe3 Rb8 20. Bg5 e6
21. Rad1 1-0

[Event "Stuttgarter Stadtmeisterschaft C"]
[Site "Ditzingen"]
[Date "2015.05.14"]
[Round "1.10"]
[White "Herbst, Karin"]
[Black "Hammann, Peter"]
[Result "0-1"]
[WhiteElo "1350"]
[BlackElo "989"]
[PlyCount "97"]
[EventDate "2015.??.??"]
[WhiteTeam "SG Fasanenhof"]
[BlackTeam "Rochade Metzingen"]

1. c4 c5 2. Nc3 Nc6 3. Nf3 e6 4. g3 d5 5. cxd5 exd5 6. d4 c4 7. Bg2 Be6 8. O-O
h6 9. b3 Bb4 10. Bb2 Bxc3 11. Bxc3 b5 12. bxc4 b4 13. Bb2 Nge7 14. cxd5 Bxd5
15. Nd2 Bxg2 16. Kxg2 Qd5+ 17. Nf3 O-O 18. Qd3 a5 19. e4 Qd7 20. d5 Na7 21. Qd4
f6 22. Rac1 Nb5 23. Qe3 Rfe8 24. Qb3 Nc8 25. Nd2 Nb6 26. Rc6 Qd8 27. Rfc1 Rc8
28. Rxc8 Nxc8 29. Rc5 Qb6 30. Rc6 Nd4 31. Bxd4 Qxd4 32. Qc2 Na7 33. Rc4 Qb6 34.
Nb3 Ra8 35. Rc5 Nb5 36. Rc8+ Rxc8 37. Qxc8+ Kh7 38. Nc5 Nd6 39. Qc6 Qd8 40. Ne6
Qb8 41. Qc2 Kg8 42. e5 fxe5 43. Qg6 Qb7 44. f3 a4 45. g4 b3 46. axb3 axb3 47.
Qb1 Qxd5 48. Nc7 Qd2+ 49. Kg3 0-1

[Event "Stuttgarter Stadtmeisterschaft C"]
[Site "Ditzingen"]
[Date "2015.05.14"]
[Round "1.11"]
[White "Kloos, Robin"]
[Black "Jelisavac, Nenad"]
[Result "0-1"]
[WhiteElo "986"]
[BlackElo "1336"]
[PlyCount "120"]
[EventDate "2015.??.??"]
[WhiteTeam "Schach-Kids Bernhausen"]
[BlackTeam "Matt Inn"]

1. e4 e6 2. d4 d5 3. Nc3 c5 4. Be3 Nc6 5. Nf3 Qb6 6. b3 cxd4 7. Nxd4 Bc5 8.
Nxc6 Bxe3 9. fxe3 Qxe3+ 10. Ne2 bxc6 11. Qd4 Qxe4 12. Qxg7 Qh4+ 13. Kd2 Qf6 14.
Qxf6 Nxf6 15. Nd4 Bd7 16. Ba6 Rb8 17. Rhf1 Ke7 18. Rf3 Ne4+ 19. Kd3 Nc5+ 20.
Kd2 Nxa6 21. Raf1 Rbc8 22. g4 Rhg8 23. h3 Nc5 24. Re1 Ne4+ 25. Kd3 h5 26. gxh5
Rg3 27. Rxg3 Nxg3 28. h6 Rh8 29. Rg1 Nf5 30. Nxf5+ exf5 31. Re1+ Be6 32. Rf1
Rxh6 33. Rf3 Kd6 34. Re3 f4 35. Re1 Rxh3+ 36. Kd2 Kc5 37. Rf1 Rh4 38. c3 Bf5
39. Rf3 Be4 40. Rf2 f3 41. Ke3 Rg4 42. Rxf3 Bxf3 43. Kxf3 Re4 44. a3 a5 45. a4
Rh4 46. Ke3 d4+ 47. cxd4+ Rxd4 48. Ke2 Kb4 49. Ke3 Rd5 50. Ke4 Kxb3 51. Ke3
Kxa4 52. Ke4 Kb3 53. Ke3 a4 54. Ke4 a3 55. Ke3 a2 56. Ke4 a1=Q 57. Kf4 Qa4+ 58.
Ke3 Rc5 59. Kd3 Rc3+ 60. Kd2 Qa2+ 0-1

[Event "Stuttgarter Stadtmeisterschaft C"]
[Site "Ditzingen"]
[Date "2015.05.14"]
[Round "1.12"]
[White "Kermer, Jan"]
[Black "Richter, Michael"]
[Result "1-0"]
[WhiteElo "1321"]
[BlackElo "983"]
[PlyCount "97"]
[EventDate "2015.??.??"]
[WhiteTeam "SV Dettingen Erms"]
[BlackTeam "TSV/RSK Esslingen"]

1. b3 e5 2. Bb2 Nc6 3. e3 d6 4. Bb5 Bd7 5. Ne2 Nf6 6. f4 a6 7. Bxc6 Bxc6 8. O-O
Qe7 9. Na3 Bd5 10. fxe5 dxe5 11. Rf5 Nd7 12. Ng3 Qe6 13. c4 Bc6 14. d4 Be4 15.
d5 Qg6 16. Rh5 Bc5 17. Qe2 Bd3 18. Qf3 Qd6 19. Nb1 Bg6 20. Rh3 Qe7 21. Nd2 Qg5
22. Nge4 Qf5 23. Qxf5 Bxf5 24. Rg3 Bg6 25. Nxc5 Nxc5 26. Bxe5 O-O 27. Bxc7 Rfe8
28. Bb6 Nd7 29. Bd4 f6 30. Nf3 Re7 31. Nh4 Kf7 32. Rf1 Rae8 33. Rf4 Ne5 34.
Bxe5 Rxe5 35. Kf2 Bb1 36. Nf5 g6 37. Nd6+ Kg7 38. Nxe8+ Rxe8 39. a3 Ba2 40. b4
Rc8 41. Rgg4 b5 42. c5 Bxd5 43. Rd4 Bb3 44. Rd6 a5 45. Rgd4 Kf7 46. Rd8 Rc7 47.
R8d7+ Rxd7 48. Rxd7+ Kg8 49. c6 1-0

[Event "Stuttgarter Stadtmeisterschaft C"]
[Site "Ditzingen"]
[Date "2015.05.14"]
[Round "1.13"]
[White "Fechner, Andreas"]
[Black "Liu, Jie"]
[Result "0-1"]
[WhiteElo "977"]
[BlackElo "1316"]
[PlyCount "60"]
[EventDate "2015.??.??"]
[WhiteTeam "SC Magstadt"]
[BlackTeam "SV Stuttgart-Wolfbusch"]

1. e4 c5 2. Nf3 Nc6 3. Bc4 Nf6 4. Nc3 d6 5. d3 g6 6. O-O Bg7 7. Bf4 O-O 8. Re1
e5 9. Bg5 Be6 10. Bxe6 fxe6 11. Qd2 Rf7 12. Bh6 Nd4 13. Nxd4 cxd4 14. Ne2 Ng4
15. Bg5 Bh6 16. Bxh6 Qh4 17. h3 Nxh6 18. c3 Raf8 19. f3 Re7 20. cxd4 exd4 21.
Nxd4 Nf7 22. Rac1 e5 23. Nb5 a6 24. Nc7 Ng5 25. Rf1 Qg3 26. Qe2 Nxh3+ 27. Kh1
Nf4 28. Qf2 Qxf2 29. Rxf2 Nxd3 30. Nd5 Nxf2+ 0-1

[Event "Stuttgarter Stadtmeisterschaft C"]
[Site "Ditzingen"]
[Date "2015.05.14"]
[Round "1.14"]
[White "Meißner, Mogens"]
[Black "Kiroglu, Cihan"]
[Result "1-0"]
[WhiteElo "1313"]
[BlackElo "941"]
[PlyCount "47"]
[EventDate "2015.??.??"]
[WhiteTeam "SK Bietigheim-Bissingen"]
[BlackTeam "SG Schramberg-Lauterbach"]

1. e4 c5 2. Nf3 Nc6 3. Bc4 e5 4. d3 Be7 5. Nc3 d6 6. h3 Nf6 7. Bg5 Nd7 8. Bxe7
Nxe7 9. O-O Nb6 10. Bb3 O-O 11. Ne2 Ng6 12. c3 a5 13. a3 Bd7 14. d4 Qf6 15.
dxc5 dxc5 16. Ng3 Nf4 17. Kh2 c4 18. Bxc4 Qh6 19. Nf5 Qg6 20. Ne7+ Kh8 21.
Nxg6+ fxg6 22. Nxe5 Rad8 23. Nf7+ Kg8 24. Nxd8+ 1-0

[Event "Stuttgarter Stadtmeisterschaft C"]
[Site "Ditzingen"]
[Date "2015.05.14"]
[Round "1.15"]
[White "Eid, Sami"]
[Black "Petersen, Bjarne"]
[Result "1-0"]
[WhiteElo "920"]
[BlackElo "1310"]
[PlyCount "31"]
[EventDate "2015.??.??"]
[WhiteTeam "SF Freiberg"]
[BlackTeam "TSV/RSK Esslingen"]

1. e4 c6 2. d3 g6 3. Nf3 Bg7 4. Nc3 d5 5. Bf4 dxe4 6. dxe4 Qb6 7. Rb1 Qa5 8.
Bc4 b5 9. Bb3 Bxc3+ 10. bxc3 Qxc3+ 11. Bd2 Qc5 12. O-O Bg4 13. Be3 Qc3 14. Bd2
Qf6 15. Ba5 Bxf3 16. Qd8# 1-0

[Event "Stuttgarter Stadtmeisterschaft C"]
[Site "Ditzingen"]
[Date "2015.05.14"]
[Round "1.16"]
[White "Barna, Janos"]
[Black "Hdya, Mohammad"]
[Result "1/2-1/2"]
[WhiteElo "1280"]
[BlackElo "885"]
[PlyCount "50"]
[EventDate "2015.??.??"]
[WhiteTeam "SC Leinfelden"]
[BlackTeam "SF Freiberg"]

1. e4 e6 2. Nf3 d5 3. exd5 exd5 4. d4 Nc6 5. Bb5 Bg4 6. h3 Bh5 7. c3 Bd6 8. Be3
Qd7 9. Nbd2 Nf6 10. Be2 Ne4 11. Nxe4 dxe4 12. Ng5 Bxe2 13. Qxe2 O-O-O 14. Nxe4
Rhe8 15. Nxd6+ Qxd6 16. Qg4+ Rd7 17. O-O Re6 18. Qf4 Qd5 19. Qf3 Qc4 20. Rfe1
Rf6 21. Qe2 Qd5 22. g3 Qe4 23. Bf4 Qd5 24. Qe8+ Nd8 25. Qe4 Qa5 1/2-1/2

[Event "Stuttgarter Stadtmeisterschaft C"]
[Site "Ditzingen"]
[Date "2015.05.14"]
[Round "1.17"]
[White "Dimitrov, Leon"]
[Black "Pranjic, Daniel"]
[Result "1/2-1/2"]
[WhiteElo "804"]
[BlackElo "1273"]
[PlyCount "23"]
[EventDate "2015.??.??"]
[WhiteTeam "SF Freiberg"]
[BlackTeam "SG Ludwigsburg"]

1. e4 c5 2. Nf3 d6 3. Nc3 Nf6 4. Bb5+ Bd7 5. Bc4 e6 6. d3 Be7 7. Bg5 Nc6 8. O-O
O-O 9. Nb5 Na5 10. Bxf6 Nxc4 11. Bxe7 Qxe7 12. dxc4 1/2-1/2

[Event "Stuttgarter Stadtmeisterschaft C"]
[Site "Ditzingen"]
[Date "2015.05.14"]
[Round "1.18"]
[White "Milarch, Harald"]
[Black "Depping, Erwin"]
[Result "1-0"]
[WhiteElo "1269"]
[BlackElo "796"]
[PlyCount "47"]
[EventDate "2015.??.??"]
[WhiteTeam "SC Botnang"]
[BlackTeam "SG SchwÃ¤bisch GmÃ¼nd"]

1. e4 g6 2. f4 Bg7 3. Nf3 Nc6 4. Bc4 e6 5. Nc3 d6 6. d3 Nh6 7. Ng5 O-O 8. Be3
a6 9. h3 b5 10. Bb3 Qe7 11. Qd2 Bd7 12. Nf3 Rac8 13. f5 d5 14. Bxh6 Bxh6 15.
Qxh6 Nb4 16. Qe3 Nc6 17. exd5 Na5 18. fxe6 Nxb3 19. axb3 Ra8 20. O-O fxe6 21.
dxe6 Bxe6 22. Rae1 Rf6 23. Nd5 Rxf3 24. Nxe7+ 1-0

[Event "Stuttgarter Stadtmeisterschaft C"]
[Site "Ditzingen"]
[Date "2015.05.14"]
[Round "1.19"]
[White "Kappler, Roswitha"]
[Black "Jüttner, Dennis"]
[Result "0-1"]
[WhiteElo "759"]
[BlackElo "1256"]
[PlyCount "88"]
[EventDate "2015.??.??"]
[WhiteTeam "SG Fasanenhof"]
[BlackTeam "SpVgg Rommelshausen"]

1. e4 e6 2. Nc3 d5 3. Nf3 Nf6 4. Ne5 Bd6 5. d4 c5 6. Nxf7 Kxf7 7. e5 cxd4 8.
Qxd4 Nc6 9. Qh4 Bxe5 10. Bd3 Nd4 11. O-O Qd6 12. Bd2 Nf5 13. Nb5 Nxh4 14. Nxd6+
Bxd6 15. g3 Nf5 16. Rae1 Nd4 17. Be3 Nf3+ 18. Kg2 Nxe1+ 19. Rxe1 Re8 20. Bb5
Bd7 21. Be2 Bc6 22. h4 d4+ 23. Bf3 dxe3 24. Rxe3 Ng4 25. Rd3 Bxf3+ 26. Rxf3+
Kg8 27. Rd3 Be5 28. f4 Bxb2 29. Rb3 Bf6 30. Kh3 h5 31. Rb5 g6 32. Kg2 b6 33. c4
e5 34. fxe5 Rxe5 35. Kf3 Rxb5 36. cxb5 Re8 37. Kg2 Re5 38. a4 Re4 39. Kh3 Rxa4
40. Kg2 Ra5 41. Kh3 Rxb5 42. Kg2 a5 43. Kh3 a4 44. Kg2 a3 0-1

[Event "Stuttgarter Stadtmeisterschaft C"]
[Site "Ditzingen"]
[Date "2015.05.14"]
[Round "2.1"]
[White "Schranz, Patrick"]
[Black "Milarch, Harald"]
[Result "1-0"]
[WhiteElo "1493"]
[BlackElo "1269"]
[PlyCount "99"]
[EventDate "2015.??.??"]
[WhiteTeam "SC Feuerbach"]
[BlackTeam "SC Botnang"]

1. d4 d5 2. c4 c6 3. Nc3 e6 4. Nf3 Nf6 5. Bg5 Be7 6. e3 h6 7. Bxf6 Bxf6 8. cxd5
exd5 9. Be2 Bg4 10. O-O O-O 11. h3 Bh5 12. Ne5 Bxe2 13. Qxe2 Bxe5 14. dxe5 Qe7
15. f4 Nd7 16. Rad1 Nc5 17. b4 Ne4 18. Nxe4 dxe4 19. Rd4 f5 20. exf6 Rxf6 21.
Qc4+ Kh8 22. Rxe4 Qf7 23. Qxf7 Rxf7 24. Rd1 Kg8 25. Red4 Re7 26. Kf2 Rae8 27.
Rd8 Kf7 28. Rxe8 Kxe8 29. Kf3 Kf7 30. e4 Kf6 31. e5+ Kf7 32. Ke4 g6 33. Rd6 a6
34. f5 g5 35. Rxh6 Kg8 36. Rg6+ Rg7 37. Rxg7+ Kxg7 38. g4 b6 39. f6+ Kf7 40.
Kf5 c5 41. e6+ Kf8 42. Kg6 c4 43. e7+ Ke8 44. Kg7 c3 45. f7+ Kxe7 46. f8=Q+ Kd7
47. Qf6 c2 48. Qxg5 Kc6 49. Qc1 Kb5 50. Qxc2 1-0

[Event "Stuttgarter Stadtmeisterschaft C"]
[Site "Ditzingen"]
[Date "2015.05.14"]
[Round "2.2"]
[White "Jüttner, Dennis"]
[Black "Reichardt, Felix  Alexander"]
[Result "1/2-1/2"]
[WhiteElo "1256"]
[BlackElo "1482"]
[PlyCount "24"]
[EventDate "2015.??.??"]
[WhiteTeam "SpVgg Rommelshausen"]
[BlackTeam "SF MarkgrÃ¤flerland"]

1. e4 e6 2. Nf3 d5 3. exd5 exd5 4. d4 c5 5. Be3 Bd6 6. dxc5 Be7 7. Nc3 Nc6 8.
Nxd5 Qa5+ 9. b4 Nxb4 10. Nxe7 Nxc2+ 11. Ke2 Nxa1 12. Qxa1 Qb5+ 1/2-1/2

[Event "Stuttgarter Stadtmeisterschaft C"]
[Site "Ditzingen"]
[Date "2015.05.14"]
[Round "2.3"]
[White "Hrsak, Marco"]
[Black "Überreiter, Daniel"]
[Result "1/2-1/2"]
[WhiteElo "1256"]
[BlackElo "1459"]
[PlyCount "54"]
[EventDate "2015.??.??"]
[WhiteTeam "SC Kirchheim/Teck"]
[BlackTeam "SC WeiÃŸe Dame Ulm"]

1. e4 e5 2. Nf3 Nc6 3. Bb5 d6 4. c3 Bd7 5. Ba4 Nf6 6. Bc2 d5 7. d3 dxe4 8. dxe4
Bc5 9. c4 O-O 10. O-O Bg4 11. Qxd8 Raxd8 12. Nbd2 Nd4 13. Nxd4 Bxd4 14. Nb3 Be6
15. c5 Bxb3 16. Bxb3 Nxe4 17. Bc2 Nxc5 18. Be3 Rfe8 19. Rac1 Bxe3 20. fxe3 Re7
21. Bxh7+ Kxh7 22. Rxc5 f6 23. Rc2 b6 24. b4 Rd5 25. Rfc1 Rdd7 26. Kf2 e4 27.
b5 Kg6 1/2-1/2

[Event "Stuttgarter Stadtmeisterschaft C"]
[Site "Ditzingen"]
[Date "2015.05.14"]
[Round "2.4"]
[White "Postler, Jonathan"]
[Black "Afonso, Nils"]
[Result "0-1"]
[WhiteElo "1252"]
[BlackElo "1437"]
[PlyCount "82"]
[EventDate "2015.??.??"]
[WhiteTeam "TSV/RSK Esslingen"]
[BlackTeam "SF Kornwestheim"]

1. d4 f5 2. c4 Nf6 3. Nc3 g6 4. Bg5 Bg7 5. e3 O-O 6. Bd3 Nc6 7. Nf3 d6 8. O-O
e5 9. dxe5 dxe5 10. Nd5 e4 11. Nxf6+ Bxf6 12. Bxe4 Qxd1 13. Rfxd1 fxe4 14. Bxf6
exf3 15. Bh4 fxg2 16. Kxg2 Bg4 17. Rf1 Rac8 18. f3 Be6 19. b3 Rf7 20. Rf2 g5
21. Bg3 h5 22. h3 h4 23. Bh2 Kh7 24. Raf1 Ne7 25. Be5 Nf5 26. Re1 c6 27. e4 Ne7
28. Ref1 Ng6 29. Bh2 Rg8 30. a3 Nf4+ 31. Bxf4 gxf4+ 32. Kh2 Rg3 33. Rg2 Rxh3+
34. Kg1 Rg3 35. Rff2 Bh3 36. Rxg3 hxg3 37. Re2 Kg6 38. e5 Re7 39. c5 Kf5 40. b4
Rxe5 41. Rxe5+ Kxe5 0-1

[Event "Stuttgarter Stadtmeisterschaft C"]
[Site "Ditzingen"]
[Date "2015.05.14"]
[Round "2.5"]
[White "Winterkorn, Nikolaus"]
[Black "Dietrich, Malte"]
[Result "0-1"]
[WhiteElo "1414"]
[BlackElo "1165"]
[PlyCount "68"]
[EventDate "2015.??.??"]
[WhiteTeam "DJK Sportbund Stgt."]
[BlackTeam "Rochade Metzingen"]

1. Nf3 d5 2. d4 h6 3. e3 Bf5 4. Nbd2 Nf6 5. c4 e6 6. a3 b6 7. Be2 Be7 8. O-O
O-O 9. h3 Nbd7 10. b4 a5 11. Bb2 axb4 12. a4 c5 13. Nh4 Bh7 14. Nhf3 Qc7 15.
cxd5 exd5 16. Bb5 c4 17. Bc1 Rfd8 18. Re1 Nf8 19. Ne5 Rd6 20. f4 Ne4 21. Nxe4
Bxe4 22. Rf1 f6 23. Ng4 f5 24. Nf2 Rf6 25. Nxe4 fxe4 26. Qh5 Qd8 27. Bxc4 dxc4
28. Bd2 c3 29. Be1 c2 30. Bh4 Rc8 31. Bxf6 Bxf6 32. Qf5 b3 33. Qxe4 b2 34. Ra2
c1=Q 0-1

[Event "Stuttgarter Stadtmeisterschaft C"]
[Site "Ditzingen"]
[Date "2015.05.14"]
[Round "2.6"]
[White "Jelisavac, Nenad"]
[Black "Günther, Niclas"]
[Result "1-0"]
[WhiteElo "1336"]
[BlackElo "996"]
[PlyCount "101"]
[EventDate "2015.??.??"]
[WhiteTeam "Matt Inn"]
[BlackTeam "SF Freiberg"]

1. c4 e5 2. Nc3 Nf6 3. g3 d5 4. cxd5 Nxd5 5. Bg2 Be6 6. Qb3 c6 7. Nf3 Nb4 8.
Qd1 Bd6 9. a3 Nd5 10. e4 Nxc3 11. bxc3 Bc4 12. d3 Bb5 13. c4 Ba6 14. O-O c5 15.
Be3 Nc6 16. Nh4 O-O 17. Nf5 Nd4 18. Bxd4 cxd4 19. Qb3 Bc5 20. a4 g6 21. Nh4 g5
22. Nf5 Qa5 23. Rfc1 Qb4 24. Qd1 b6 25. Nh6+ Kg7 26. Nf5+ Kg6 27. Bf3 Rab8 28.
Bh5+ Kf6 29. Qf3 Ke6 30. Bg4 Bb7 31. Nxd4+ Ke7 32. Nf5+ Kd8 33. Ne3 Be7 34. Nd5
Bxd5 35. exd5 f6 36. Qf5 Qd6 37. Qxh7 a6 38. Qe4 b5 39. cxb5 a5 40. Rc6 Qb4 41.
Qf5 Ke8 42. Qd7+ Kf7 43. d6 Rbe8 44. Bh5+ Kg8 45. Bxe8 Qb3 46. dxe7 Rxe8 47.
Qxe8+ Kg7 48. Qf8+ Kg6 49. Qxf6+ Kh5 50. Qf3+ g4 51. Qf5# 1-0

[Event "Stuttgarter Stadtmeisterschaft C"]
[Site "Ditzingen"]
[Date "2015.05.14"]
[Round "2.7"]
[White "Hammann, Peter"]
[Black "Kermer, Jan"]
[Result "0-1"]
[WhiteElo "989"]
[BlackElo "1321"]
[PlyCount "148"]
[EventDate "2015.??.??"]
[WhiteTeam "Rochade Metzingen"]
[BlackTeam "SV Dettingen Erms"]

1. c4 b6 2. Nc3 Bb7 3. d4 e6 4. e4 Bb4 5. Bd2 Bxc3 6. Bxc3 Bxe4 7. d5 Nf6 8. f3
Bg6 9. d6 c5 10. Ne2 h6 11. g3 Nc6 12. Nf4 Bh7 13. Bd3 Bxd3 14. Qxd3 O-O 15. h4
e5 16. Nd5 Nxd5 17. Qxd5 Re8 18. O-O-O Nd4 19. Rde1 Qf6 20. Re3 Qe6 21. Bxd4
Qxd5 22. cxd5 exd4 23. Rxe8+ Rxe8 24. f4 Re3 25. Rg1 h5 26. Kd2 g6 27. Rg2 Kg7
28. Re2 Rxe2+ 29. Kxe2 Kf6 30. Kd3 Kf5 31. b4 cxb4 32. Kxd4 f6 33. Kc4 a6 34.
Kxb4 Kg4 35. a4 Kxg3 36. a5 b5 37. Kc5 Kxf4 38. Kb6 b4 39. Kc7 b3 40. Kxd7 b2
41. Ke8 b1=Q 42. d7 Qb5 43. Ke7 Qb7 44. Ke8 Qxd5 45. d8=Q Qxd8+ 46. Kxd8 f5 47.
Kc7 Ke5 48. Kb7 f4 49. Kxa6 f3 50. Kb7 f2 51. a6 f1=Q 52. a7 Qf8 53. a8=Q Qxa8+
54. Kxa8 Kf4 55. Kb7 Kg4 56. Kc6 Kxh4 57. Kd5 Kg3 58. Ke4 h4 59. Ke3 h3 60. Ke4
h2 61. Ke5 h1=Q 62. Kf6 Qh5 63. Ke6 Kf4 64. Kd6 Qe5+ 65. Kc6 Ke4 66. Kb6 Qd4+
67. Kc6 g5 68. Kc7 Qd5 69. Kb6 Qc4 70. Kb7 Kd5 71. Kb6 Qc6+ 72. Ka5 Qb7 73. Ka4
Kc4 74. Ka3 Qb3# 0-1

[Event "Stuttgarter Stadtmeisterschaft C"]
[Site "Ditzingen"]
[Date "2015.05.14"]
[Round "2.11"]
[White "Hauger, Albrecht"]
[Black "Reichmann, Bernd"]
[Result "1/2-1/2"]
[WhiteElo "1452"]
[BlackElo "1140"]
[PlyCount "41"]
[EventDate "2015.??.??"]
[WhiteTeam "SC Magstadt"]
[BlackTeam "SV Fellbach"]

1. d4 Nf6 2. c4 d5 3. e3 g6 4. Nc3 e6 5. Nf3 Bb4 6. Bd2 Bxc3 7. Bxc3 O-O 8. Bd3
Re8 9. O-O dxc4 10. Bxc4 Nd5 11. Re1 c6 12. Bd2 Nd7 13. e4 Ne7 14. Bf4 Nb6 15.
Bb3 Nd7 16. Qd2 Kh8 17. Rac1 Ng8 18. Ne5 Nxe5 19. Bxe5+ f6 20. Bg3 Kg7 21. f3
1/2-1/2